<?xml version="1.0" encoding="UTF-8"?><?xml-stylesheet type="text/xsl" href="static/style.xsl"?><OAI-PMH xmlns="http://www.openarchives.org/OAI/2.0/" xmlns:xsi="http://www.w3.org/2001/XMLSchema-instance" xsi:schemaLocation="http://www.openarchives.org/OAI/2.0/ http://www.openarchives.org/OAI/2.0/OAI-PMH.xsd"><responseDate>2026-04-13T04:12:05Z</responseDate><request verb="GetRecord" identifier="oai:www.recercat.cat:10459.1/47764" metadataPrefix="marc">https://recercat.cat/oai/request</request><GetRecord><record><header><identifier>oai:recercat.cat:10459.1/47764</identifier><datestamp>2024-12-05T22:18:30Z</datestamp><setSpec>com_2072_3622</setSpec><setSpec>col_2072_479130</setSpec></header><metadata><record xmlns="http://www.loc.gov/MARC21/slim" xmlns:dcterms="http://purl.org/dc/terms/" xmlns:xsi="http://www.w3.org/2001/XMLSchema-instance" xmlns:doc="http://www.lyncode.com/xoai" xsi:schemaLocation="http://www.loc.gov/MARC21/slim http://www.loc.gov/standards/marcxml/schema/MARC21slim.xsd">
   <leader>00925njm 22002777a 4500</leader>
   <datafield ind2=" " ind1=" " tag="042">
      <subfield code="a">dc</subfield>
   </datafield>
   <datafield ind2=" " ind1=" " tag="720">
      <subfield code="a">Gallizo Larraz, José Luis</subfield>
      <subfield code="e">author</subfield>
   </datafield>
   <datafield ind2=" " ind1=" " tag="720">
      <subfield code="a">Gargallo Valero, Pilar</subfield>
      <subfield code="e">author</subfield>
   </datafield>
   <datafield ind2=" " ind1=" " tag="720">
      <subfield code="a">Saladrigues Solé, Ramon</subfield>
      <subfield code="e">author</subfield>
   </datafield>
   <datafield ind2=" " ind1=" " tag="720">
      <subfield code="a">Salvador Figueras, Manuel</subfield>
      <subfield code="e">author</subfield>
   </datafield>
   <datafield ind2=" " ind1=" " tag="260">
      <subfield code="c">2015-01-28T17:00:41Z</subfield>
   </datafield>
   <datafield ind2=" " ind1=" " tag="260">
      <subfield code="c">2014</subfield>
   </datafield>
   <datafield ind2=" " ind1=" " tag="260">
      <subfield code="c">2015-01-28T17:00:42Z</subfield>
   </datafield>
   <datafield ind2=" " ind1=" " tag="520">
      <subfield code="a">This study offers an exploratory statistical analysis of the persistence of annual abnormal returns across a sample of firms from different European Union countries. To this end, a hierarchical Bayesian dynamic model has been used that enables the annual behaviour of those profits to be broken down into a permanent structural component and a transitory component, while also distinguishing between general effects affecting the industry as a whole and specific effects impacting on each firm in particular.&#xd;
This breakdown of the behaviour of profits allows for a more accurate assessment of the relative importance of these fundamental components by country and sector. Furthermore, through the Bayesian approach, it is possible to test different hypotheses about the homogeneity of the dynamic behaviour of the aforementioned components with respect to the sector and the country where the firm develops its activity.&#xd;
We find that although both the industry and firm effects are significant, the latter are more important to explain the dynamic&#xd;
evolution of abnormal returns. Specifically, firm effects account for 68% of total variation of the abnormal returns and display a lower degree of persistence with adjustment speeds oscillating at around 34%, while industry effects only account for 9% and have adjustment speeds oscillating between 7% and 8%. However, this pattern is not homogeneous and depends on the sector and country in which the firm carries out its activity. These results highlight the need to take into account both aspects simultaneously&#xd;
in order to analyse the dynamic behaviour of abnormal returns.</subfield>
   </datafield>
   <datafield ind1="8" ind2=" " tag="024">
      <subfield code="a">http://hdl.handle.net/10459.1/47764</subfield>
   </datafield>
   <datafield tag="653" ind2=" " ind1=" ">
      <subfield code="a">Dynamic models</subfield>
   </datafield>
   <datafield tag="653" ind2=" " ind1=" ">
      <subfield code="a">Bayesian inference</subfield>
   </datafield>
   <datafield tag="653" ind2=" " ind1=" ">
      <subfield code="a">MCMC</subfield>
   </datafield>
   <datafield tag="653" ind2=" " ind1=" ">
      <subfield code="a">Abnormal returns</subfield>
   </datafield>
   <datafield tag="653" ind2=" " ind1=" ">
      <subfield code="a">Persistence of profits</subfield>
   </datafield>
   <datafield tag="653" ind2=" " ind1=" ">
      <subfield code="a">Return on assets</subfield>
   </datafield>
   <datafield tag="653" ind2=" " ind1=" ">
      <subfield code="a">Estadística bayesiana</subfield>
   </datafield>
   <datafield tag="653" ind2=" " ind1=" ">
      <subfield code="a">Bayesian statistical decision</subfield>
   </datafield>
   <datafield ind2="0" ind1="0" tag="245">
      <subfield code="a">The persistence of abnormal return on assets: an exploratory analysis of the performance of firms by country and sector</subfield>
   </datafield>
</record></metadata></record></GetRecord></OAI-PMH>